000 00340 a2200157 4500
001 59644
020 _a9783785556993
040 _cAnchieta - Pituba
100 _aAbedi, Isabel
240 1 0 _aVerbotene welt
_lpor
245 1 0 _aVerbotene welt
300 _a462
362 0 _a2006
650 4 _aLiteratura juvenil em alemão
942 _cBK
999 _c59644
_d59644